Normal view MARC view
  • Blalock, Travis N

Entry Personal Name

Number of records used in: 1

001 - CONTROL NUMBER

  • control field: 103783

003 - CONTROL NUMBER IDENTIFIER

  • control field: NUST

005 - DATE AND TIME OF LATEST TRANSACTION

  • control field: 20221129143039.0

008 - FIXED-LENGTH DATA ELEMENTS

  • fixed length control field: 221129|| aca||aabn | a|a d

040 ## - CATALOGING SOURCE

  • Original cataloging agency: NUST
  • Transcribing agency: NUST

100 ## - HEADING--PERSONAL NAME

  • Personal name: Blalock, Travis N

670 ## - SOURCE DATA FOUND

  • Source citation: Work cat.: (NUST)182065: Jaeger, Richard C. 55586, Microelectronic circuit design / (Include CD) , 2003.
© 2023 Central Library, National University of Sciences and Technology. All Rights Reserved.